LEADER 03212oam 2200661 c 450 001 9910563194203321 005 20240922213711.0 024 7 $a10.3726/b13781 035 $a(CKB)5450000000174028 035 $a(oapen)https://directory.doabooks.org/handle/20.500.12854/33789 035 $a(PH02)9783631752234 035 $a(MiAaPQ)EBC31203670 035 $a(oapen)doab33789 035 $a(EXLCZ)995450000000174028 100 $a20240525h20182006 uy 0 101 0 $ager 135 $aurnnunnnannuu 181 $ctxt$2rdacontent 182 $cc$2rdamedia 183 $acr$2rdacarrier 200 00$aFinanzierung der Gesetzlichen Krankenversicherung - Probleme und Reformoptionen$fGerold Krause-Junk, Marco Penske 205 $a1st, New ed. 210 $aFrankfurt a.M$cPH02$d2018 210 $d2018, c2006 215 $a1 online resource (316 p.)$c, EPDF 225 0 $aFinanzwissenschaftliche Schriften$v115 300 $aPeter Lang GmbH, Internationaler Verlag der Wissenschaften 311 08$a3-631-75223-7 327 $aAus dem Inhalt: Finanzierungssystem - Verteilungswirkungen - Demographie und GKV: Einnahmen und Ausgaben - GKV-Modernisierungsgesetz - Beitragssatzprojektionen - Reformen im Umlageverfahren: Steuerfinanzierung, Bu?rgerversicherung, Kopfpauschalen - Finanzierung der PKV - Kapitaldeckung in der GKV - Gesundheitskonten. 330 $aDie Reform der Gesetzlichen Krankenversicherung ist eine der wichtigsten Strukturreformen. Nach der systematischen Darstellung der Finanzierung der GKV und den damit verbundenen Problemen wird der Einfluss der demographischen Entwicklung auf Einnahmen und Ausgaben analysiert. Daraus werden Ziele fu?r eine nachhaltige Finanzreform abgeleitet. Daran bewertet werden zuna?chst Reformen im Umlagesystem: Steuerfinanzierung, Bu?rgerversicherung, Kopfpauschalen und Kompromissmodelle. Wie Kapital innerhalb und außerhalb der GKV gebildet werden kann, wird mit den jeweiligen Vor- und Nachteilen diskutiert. Als Referenzsystem wird die Private Krankenversicherung analysiert und gezeigt, wie Alterungsru?ckstellungen bei einem Versicherungswechsel theoretisch u?bertragen werden ko?nnen. Zahlreiche Berechnungen untermauern die Ausfu?hrungen. 606 $aPolitical economy$2bicssc 606 $aHealth economics$2bicssc 606 $aWelfare economics$2bicssc 606 $aMedicine: general issues$2bicssc 610 $aBürgerversicherung 610 $aDeutschland 610 $aFinanzierung 610 $aGesetzliche Krankenversicherung 610 $aGesetzlichen 610 $aKapitaldeckung 610 $aKrankenversicherung 610 $aPenske 610 $aProbleme 610 $aReform 610 $aReformoptionen 615 7$aPolitical economy 615 7$aHealth economics 615 7$aWelfare economics 615 7$aMedicine: general issues 700 $aPenske$b Marco$4auth$01297547 702 $aKrause-Junk$b Gerold$4edt 702 $aPenske$b Marco$4aut 801 0$bPH02 801 1$bPH02 906 $aBOOK 912 $a9910563194203321 996 $aFinanzierung der Gesetzlichen Krankenversicherung ? Probleme und Reformoptionen$93024527 997 $aUNINA LEADER 01484nas 2200433-a 450 001 9910892923803321 005 20260218111032.0 035 $a(CKB)5280000000192422 035 $a(CONSER)--2009214024 035 $a(DE-599)ZDB2882523-8 035 $a(DE-599)2882523-8 035 $a(EXLCZ)995280000000192422 100 $a20090427a19899999 --- - 101 0 $ager 181 $ctxt$2rdacontent 182 $cc$2rdamedia 183 $acr$2rdacarrier 200 10$aFriedensForum $eZeitschrift der Friedensbewegung 210 $aBonn $cNetzwerk Friedenskooperative in Zusammenarbeit mit dem Förderverein Frieden 215 $a1 online resource 300 $aEach issue has also a theme title. 311 08$aPrint version: FriedensForum (Bonn, Germany : 1989) 0939-8058 (DLC) 2009214024 (OCoLC)319442764 517 3 $aFriedens-Forum 606 $aPeace movements$zGermany$vPeriodicals 606 $aPeace movements$2fast$3(OCoLC)fst01055858 606 $aPolitics and government$2fast$3(OCoLC)fst01919741 607 $aGermany$xPolitics and government$y1990-$vPeriodicals 607 $aGermany$2fast 608 $aPeriodicals.$2fast 615 0$aPeace movements 615 7$aPeace movements. 615 7$aPolitics and government. 712 02$aNetzwerk Friedenskooperative. 712 02$aFörderverein Frieden. 906 $aJOURNAL 912 $a9910892923803321 920 $aexl_impl conversion 996 $aFriedensForum$94240996 997 $aUNINA LEADER 08149oam 2201141 c 450 001 9910744511203321 005 20260302090207.0 010 $a3-8474-1856-4 024 3 $a9783847418566 035 $a(CKB)28444271900041 035 $a(NjHacI)9928444271900041 035 $a(MiAaPQ)EBC31016730 035 $a(Au-PeEL)EBL31016730 035 $a(Perlego)4250280 035 $a(Verlag Barbara Budrich)9783847418566 035 $a(OCoLC)1401024058 035 $a(EXLCZ)9928444271900041 100 $a20260302d2023 uy 0 101 0 $aeng 135 $aur||||||||||| 181 $ctxt$2rdacontent 182 $cc$2rdamedia 183 $acr$2rdacarrier 200 00$aMultivariate scaling methods and the reconstruction of social spaces $ePapers in honor of Jörg Blasius /$fAlice Barth, Felix Leßke, Rebekka Atakan, Manuela Schmidt, Yvonne Scheit, Rainer Diaz-Bone, Michael Greenacre, Pieter Schoonees, Patrick J.F. Groenen, Michel van de Velden, Hester van Herk, Jörg Breitung, Frédéric Lebaron, Aykiz Dogan, Brigitte LeRoux, Yasemin El-Menouar, Martin Fritz, Rahim Hajji, Gunnar Voss, Simone Pollak, Ulrike Scorna, Jessica Schäfer, Jens S. Dangschat, Nina Baur, Elmar Kulke, Karl van Meter, Miriam Trübner, Andreas Mühlichen, Wendelin Strubelt, Robert Helmrich, Clemens Albrecht 205 $a1st ed. 210 $aLeverkusen$cVerlag Barbara Budrich$d2023 215 $a1 online resource (257 pages) 311 08$a3-8474-2764-4 327 $aJörg Breitung: Dr. Strangelove or how I learned to stop worrying and love correspondence analysis Frédéric Lebaron, Brigitte Le Roux, Aykiz Dogan: Applying Combinatorial Inference in GDA. The Case of European Central Bank Governing Council Members (1999-2022) Part II: Sociological applications of correspondence analysis and other multivariate scaling methods Alice Barth, Rebekka Atakan, Felix Leßke, Yvonne Scheit, Manuela Schmidt: Reconstructing a scientist?s ?space of social relations? via multiple correspondence analysis Martin Fritz & Yasemin El-Menouar: Religiosity and climate change beliefs in Europe Rahim Hajji, Simone Pollak, Gunnar Voß, Ulrike Scorna, Jessica Schäfer: Health inequality, working conditions in dual vocational training and educational inequality ? An analysis using categorical principal components analysis and hierarchical cluster analysis Part III: Social inequality and change in (urban) space Jens S. Dangschat: Gentrification as a self-producing and self-reenforcing process on the macro, meso and micro level Karl M. van Meter: CARME ? The rise and fall of a sociological space to the east Nina Baur, Elmar Kulke: Social milieus in urban space Part IV: Data quality and statistical education Rainer Diaz-Bone: Sociological perspectives on teaching statistics in sociology ? disciplinary complexities, interdisciplinary challenges and data worlds Pieter C. Schoonees, Patrick J. F. Groenen, Michel van de Velden, Hester van Herk: Effects of Visual Priming on Rating Scale Usage Part V: Reminiscences, anecdotes and greetings Miriam Trübner, Andreas Mühlichen: Jörg Blasius ? An Academic Life in Numbers Clemens Albrecht: Structure: follow culture! Eine kurze Soziologie der akademischen Freundschaft Nina Baur: Persönliche Notiz Jens S. Dangschat: Zwei wichtige Erlebnisse ? für Jörg und für mich Robert Helmrich: An Jörg Rahim Hajji: An Jörg Yasemin El-Menouar: Für Jörg Martin Fritz: An Jörg Patrick J. F. Groenen: Travels with Jörg Michael Greenacre: My 39 years with Jörg Wendelin Strubelt: Eine Annäherung an dich, Jörg, an uns Reisende Author information Index 330 $aThis edited volume assembles contributions of leading scholars in the fields of statistical methods and applications in the social sciences. Multivariate scaling methods for categorical data, in particular correspondence analysis, are used to extract the most important dimensions from complex data tables and to visualize relationships in the data. The volume treats recent statistical developments, methodological considerations, and empirical applications. A special emphasis is placed on multiple aspects of space and their sociological significance: the reconstruction of ?social spaces? with statistical methods, illustrations of spatial relations involving proximity, distance and inequality, and concrete interactions in urban neighbourhoods. The edited volume is meant to honour the lifetime achievements of Prof. Jörg Blasius (Chair of Sociology/ Empirical Research Methods, Bonn). Der Sammelband vereint Beiträge von führenden Forscherinnen und Forschern im Bereich statistischer Methoden und deren Anwendung in den Sozialwissenschaften mit einem besonderen Fokus auf sozialen Räumen. Multivariate Skalierungsmethoden für kategoriale Daten, speziell Korrespondenzanalyse, werden verwendet um die wichtigsten Dimensionen aus komplexen Kreuztabellen mit vielen Variablen zu extrahieren und Zusammenhänge in den Daten bildlich darzustellen. In diesem Band werden statistische Weiterentwicklungen, grundsätzliche methodologische Überlegungen und empirische Anwendungen multivariater Analysemethoden diskutiert. Mehrere Anwendungsbeispiele thematisieren verschiedene Aspekte des Raumes und deren soziologische Bedeutung: die Rekonstruktion ?sozialer Räume? mit statistischen Methoden, die Illustration räumlicher Beziehungen zwischen Nähe, Distanz und Ungleichheit, aber auch konkrete Interaktionen in urbanen Räumen. Der Band erscheint zur Würdigung der wissenschaftlichen Leistungen von Prof. Jörg Blasius. 606 $acorrespondence analysis 606 $aKorrespondenzanalyse 606 $asocial space 606 $asozialer Raum 606 $aBourdieu 606 $ageometric data analysis 606 $ageometrische Datenanalyse 606 $acategorical data 606 $akategoriale Daten 606 $agentrification 606 $aGentrification 606 $aStadtsoziologie 606 $aurban sociology 606 $apublic space 606 $aRaumsoziologie 615 4$acorrespondence analysis 615 4$aKorrespondenzanalyse 615 4$asocial space 615 4$asozialer Raum 615 4$aBourdieu 615 4$ageometric data analysis 615 4$ageometrische Datenanalyse 615 4$acategorical data 615 4$akategoriale Daten 615 4$agentrification 615 4$aGentrification 615 4$aStadtsoziologie 615 4$aurban sociology 615 4$apublic space 615 4$aRaumsoziologie 676 $a720.103 702 $aBarth$b Alice$cDr.$4edt 702 $aLesske$b Felix$4edt 702 $aAtakan$b Rebekka$4edt 702 $aSchmidt$b Manuela$4edt 702 $aScheit$b Yvonne$4edt 702 $aDiaz-Bone$b Rainer$cProf. Dr.$4ctb 702 $aGreenacre$b Michael$cProf. Dr.$4ctb 702 $aSchoonees$b Pieter$cDr.$4ctb 702 $aGroenen$b Patrick J.F$cProf. Dr.$4ctb 702 $avan de Velden$b Michel$cDr.$4ctb 702 $avan Herk$b Hester$cProf.$4ctb 702 $aBreitung$b Jörg$cProf. Dr.$4ctb 702 $aLebaron$b Frédéric$cProf.$4ctb 702 $aDog?an$b Aykiz$4ctb 702 $aLeRoux$b Brigitte$cProf.$4ctb 702 $aEl-Menouar$b Yasemin$cDr.$4ctb 702 $aFritz$b Martin$cDr.$4ctb 702 $aHajji$b Rahim$cProf. Dr.$4ctb 702 $aVoss$b Gunnar$4ctb 702 $aPollak$b Simone$4ctb 702 $aScorna$b Ulrike$4ctb 702 $aSchafer$b Jessica$4ctb 702 $aDangschat$b Jens S$cProf. Dr.$4ctb 702 $aBaur$b Nina$cProf. Dr.$4ctb 702 $aKulke$b Elmar$4ctb 702 $avan Meter$b Karl$4ctb 702 $aTrübner$b Miriam$cDr.$4ctb 702 $aMühlichen$b Andreas$4ctb 702 $aStrubelt$b Wendelin$cProf. Dr.$4ctb 702 $aHelmrich$b Robert$cProf. Dr.$4ctb 702 $aAlbrecht$b Clemens$cProf. Dr.$4ctb 801 0$bNjHacI 801 1$bNjHacl 906 $aBOOK 912 $a9910744511203321 996 $aMultivariate scaling methods and the reconstruction of social spaces$93601359 997 $aUNINA